| 000 | 00471nam a22001812 4500 | ||
|---|---|---|---|
| 001 | 0000005667 | ||
| 005 | 20151217160111.0 | ||
| 008 | 070620s xx 000 0 eng d | ||
| 040 |
_aKABU _cKABU |
||
| 050 | 0 |
_aPZ90 _b.S94R3K53 |
|
| 100 | 1 |
_aRajab, H. _@0000156881 |
|
| 245 | 1 | 0 | _aKiboko alivyomchukia chura. |
| 260 |
_aNairobi : _bEAEP, _c1991. |
||
| 300 | _a12 p. | ||
| 908 | _a070620 | ||
| 950 | _@1 | ||
| 999 |
_c14235 _d14235 |
||